[Event "TUR Cup"]
[Site "Adapazari"]
[Date "2022.04.01"]
[Round "11"]
[White "Karadag, Eflatun Cem"]
[Black "Filizci, Kivanc"]
[Result "1-0"]
[WhiteElo "1751"]
[BlackElo "1684"]
[PlyCount "75"]
[EventDate "2022.03.25"]
[EventType "swiss"]
[EventRounds "11"]
[EventCountry "TUR"]
[SourceTitle "EXT 2023"]
[Source "ChessBase"]
[SourceDate "2022.10.05"]
[SourceVersion "1"]
[SourceVersionDate "2022.10.05"]
[SourceQuality "1"]

1. e4 c5 2. Nf3 d6 3. d4 cxd4 4. Qxd4 e5 5. Bb5+ Bd7 6. Bxd7+ Qxd7 7. Qd3 Be7 8. Nc3 Nc6 9. a3 h6 10. Be3 Nf6 11. 0-0-0 Ng4 12. Bc5 0-0-0 13. Be3 Nxe3 14. fxe3 g6 15. Qc4 Qe6 16. Nd5 Kb8 17. Rd3 f5 18. Rb3 Qc8 19. Rd1 Rh7 20. exf5 gxf5 21. e4 Na5 22. Qxc8+ Rxc8 23. Rb5 fxe4 24. Nd2 e3 25. Rxa5 exd2+ 26. Kxd2 Bg5+ 27. Kd3 b6 28. Ra4 Rf7 29. h4 Rc5 30. Nb4 Bd8 31. Na6+ Kb7 32. Nxc5+ bxc5 33. Ke3 Kc6 34. Rg4 d5 35. Rg6+ Rf6 36. h5 Kd6 37. Rf1 Ke6 38. c4 1-0

[Event "TUR Cup"]
[Site "Adapazari"]
[Date "2022.03.30"]
[Round "9"]
[White "Filizci, Kivanc"]
[Black "Karabas, Mahsum"]
[Result "1-0"]
[WhiteElo "1684"]
[BlackElo "1412"]
[PlyCount "51"]
[EventDate "2022.03.25"]
[EventType "swiss"]
[EventRounds "11"]
[EventCountry "TUR"]
[SourceTitle "EXT 2023"]
[Source "ChessBase"]
[SourceDate "2022.10.05"]
[SourceVersion "1"]
[SourceVersionDate "2022.10.05"]
[SourceQuality "1"]

1. e4 c5 2. Nf3 e6 3. d4 cxd4 4. Nxd4 a6 5. Be2 Nc6 6. Nxc6 bxc6 7. 0-0 d5 8. exd5 cxd5 9. c4 Nf6 10. b4 dxc4 11. Qxd8+ Kxd8 12. Rd1+ Bd7 13. a3 Rc8 14. Nc3 g6 15. Be3 Ke8 16. Rac1 h5 17. Bd4 Bg7 18. g3 h4 19. g4 Rh7 20. h3 Ng8 21. Bxg7 Rxg7 22. Ne4 Rc7 23. Bxc4 Ra7 24. Rd6 Bb5 25. Bxb5+ axb5 26. Rb6 1-0

[Event "TUR-ch op"]
[Site "Antalya"]
[Date "2008.02.10"]
[Round "11.59"]
[White "Nardemir, Ismail Berat"]
[Black "Filizci, Kivanc"]
[Result "1-0"]
[WhiteElo "1404"]
[BlackElo "1754"]
[PlyCount "125"]
[EventDate "2008.02.04"]
[EventType "swiss"]
[EventRounds "11"]
[EventCountry "TUR"]
[SourceTitle "CBM 122 Extra"]
[Source "ChessBase"]
[SourceDate "2008.03.04"]
[SourceVersion "1"]
[SourceVersionDate "2008.03.04"]
[SourceQuality "1"]

1. d4 Nf6 2. c4 g6 3. Nc3 Bg7 4. Nf3 d6 5. h3 0-0 6. Bf4 c5 7. e3 Nh5 8. Bh2 cxd4 9. exd4 Re8 10. Be2 Nd7 11. 0-0 a6 12. a4 b6 13. Ne1 Nhf6 14. Bf3 Rb8 15. Bf4 e5 16. dxe5 dxe5 17. Bg5 h6 18. Be3 e4 19. Be2 Bb7 20. Nc2 Nc5 21. Nb4 a5 22. Nbd5 Nxd5 23. cxd5 Bxc3 24. bxc3 Qxd5 25. Bxh6 Nd3 26. Be3 Ba6 27. Rb1 Qc6 28. Bd4 b5 29. Qd2 Kh7 30. Qg5 Kg8 31. Bxd3 exd3 32. Qh6 f6 33. Qxg6+ Kf8 34. Bxf6 Qd7 35. Qh6+ Kf7 36. Qg7+ Ke6 37. Rfe1+ Kd6 38. Be5+ Kc6 39. Qxd7+ Kxd7 40. Bxb8 Rxb8 41. axb5 Rxb5 42. Rxb5 Bxb5 43. f3 a4 44. Kf2 a3 45. Ke3 a2 46. Kd2 Kd6 47. g4 Bd7 48. Kxd3 Bc6 49. f4 Kc5 50. f5 Bf3 51. g5 Bh5 52. g6 Kd5 53. c4+ Kc5 54. Kc3 Kd6 55. Kd4 Kc6 56. c5 Kd7 57. Kc3 Kc6 58. Kb2 Kxc5 59. Kxa2 Kd5 60. Kb2 Kd6 61. Kc3 Kc5 62. g7 Bf7 63. Re8 1-0

[Event "TUR-ch op"]
[Site "Antalya"]
[Date "2008.02.09"]
[Round "10.65"]
[White "Filizci, Kivanc"]
[Black "Erol, Metin"]
[Result "1-0"]
[WhiteElo "1754"]
[BlackElo "1524"]
[PlyCount "125"]
[EventDate "2008.02.04"]
[EventType "swiss"]
[EventRounds "11"]
[EventCountry "TUR"]
[SourceTitle "CBM 122 Extra"]
[Source "ChessBase"]
[SourceDate "2008.03.04"]
[SourceVersion "1"]
[SourceVersionDate "2008.03.04"]
[SourceQuality "1"]

1. d4 e6 2. e4 Ne7 3. Nc3 c6 4. Be3 Ng6 5. Qd2 d6 6. Bd3 Be7 7. f4 f5 8. 0-0-0 Na6 9. exf5 exf5 10. a3 0-0 11. g3 d5 12. h4 h6 13. Nf3 b5 14. h5 Nh8 15. Ne5 Qd6 16. b4 Nc7 17. Nb1 Ne8 18. Rdg1 Nf6 19. Qc3 Bd7 20. Nxd7 Qxd7 21. Nd2 Ng4 22. Re1 Nxe3 23. Rxe3 Nf7 24. Nf3 Rac8 25. Nh4 Nd6 26. Ng6 Rfe8 27. Rhe1 Ne4 28. Bxe4 fxe4 29. Ne5 Qf5 30. Rh1 Bf6 31. Qd2 Bd8 32. Rc3 a5 33. Rxc6 Rxc6 34. Nxc6 axb4 35. Qxb4 Bf6 36. Qxb5 Rc8 37. Ne5 e3 38. Qxd5+ Kh7 39. Rh2 e2 40. Rxe2 Qxh5 41. Qe4+ Kg8 42. g4 Qh3 43. Re3 Qf1+ 44. Re1 Qa6 45. Qe3 Be7 46. Qb3+ Kh7 47. Qd3+ Qxd3 48. Nxd3 Bxa3+ 49. Kd1 Kg6 50. Re6+ Kf7 51. d5 Rb8 52. c3 Rb1+ 53. Kc2 Rg1 54. Ne5+ Kf8 55. d6 Bxd6 56. Rxd6 Rf1 57. Rd4 Ke7 58. c4 Ke6 59. Nd3 g6 60. c5 Ra1 61. Rd6+ Kf7 62. c6 h5 63. c7 1-0

[Event "TUR-ch op"]
[Site "Antalya"]
[Date "2008.02.06"]
[Round "5.41"]
[White "Yener, Cemil"]
[Black "Filizci, Kivanc"]
[Result "1-0"]
[WhiteElo "1924"]
[BlackElo "1754"]
[PlyCount "81"]
[EventDate "2008.02.04"]
[EventType "swiss"]
[EventRounds "11"]
[EventCountry "TUR"]
[SourceTitle "CBM 122 Extra"]
[Source "ChessBase"]
[SourceDate "2008.03.04"]
[SourceVersion "1"]
[SourceVersionDate "2008.03.04"]
[SourceQuality "1"]

1. d4 Nf6 2. Nf3 g6 3. g3 Bg7 4. Bg2 0-0 5. 0-0 d5 6. c4 c6 7. b3 Nbd7 8. Nc3 Re8 9. Bb2 b6 10. Re1 Bb7 11. Rc1 Rc8 12. h3 h6 13. Ne5 Nf8 14. e4 dxe4 15. Nxe4 Nxe4 16. Bxe4 Nd7 17. Qc2 Nxe5 18. dxe5 e6 19. Rcd1 Qe7 20. Rd6 Red8 21. Red1 Rxd6 22. exd6 Qd7 23. Bxg7 Kxg7 24. c5 e5 25. g4 h5 26. Bf3 hxg4 27. hxg4 f5 28. Qc3 Re8 29. Re1 fxg4 30. Rxe5 Rxe5 31. Qxe5+ Kf7 32. Be2 b5 33. b4 Bc8 34. Bd1 Qe8 35. Bb3+ Be6 36. Qxe6+ Qxe6 37. Bxe6+ Kxe6 38. Kg2 Kf6 39. Kg3 a6 40. Kxg4 g5 41. Kh5 1-0

[Event "TUR-ch op"]
[Site "Antalya"]
[Date "2008.02.04"]
[Round "2.68"]
[White "Gulbay, Omer Deniz"]
[Black "Filizci, Kivanc"]
[Result "0-1"]
[WhiteElo "1456"]
[BlackElo "1754"]
[PlyCount "108"]
[EventDate "2008.02.04"]
[EventType "swiss"]
[EventRounds "11"]
[EventCountry "TUR"]
[SourceTitle "CBM 122 Extra"]
[Source "ChessBase"]
[SourceDate "2008.03.04"]
[SourceVersion "1"]
[SourceVersionDate "2008.03.04"]
[SourceQuality "1"]

1. d4 Nf6 2. c4 g6 3. Nf3 Bg7 4. Nc3 d6 5. Bf4 Nbd7 6. e4 c5 7. e5 Nh5 8. Qd2 Nxf4 9. Qxf4 cxd4 10. Qxd4 Nxe5 11. 0-0-0 0-0 12. Nxe5 Bxe5 13. Qd2 Qa5 14. a3 Bxc3 15. Qxc3 Qxc3+ 16. bxc3 b6 17. Be2 Bb7 18. Bf3 Bxf3 19. gxf3 Rac8 20. Rd4 Rc7 21. Kd2 Rfc8 22. Kd3 b5 23. Re1 bxc4+ 24. Ke3 Rb8 25. Ra1 Rc5 26. a4 Rb3 27. Kd2 d5 28. f4 e6 29. h3 Rb2+ 30. Ke3 Rc7 31. Rdd1 Rcb7 32. Rdc1 a5 33. h4 f6 34. Kf3 Rd2 35. Rd1 Rbb2 36. Rxd2 Rxd2 37. Re1 Kf7 38. Re2 Rxe2 39. Kxe2 e5 40. fxe5 fxe5 41. Ke3 h6 42. f4 exf4+ 43. Kxf4 Kf6 44. Ke3 Ke5 45. Kf3 d4 46. cxd4+ Kxd4 47. Ke2 c3 48. Kd1 Kd3 49. Kc1 c2 50. h5 g5 51. Kb2 Kd2 52. Kb3 c1R 53. Kb2 Rc7 54. Kb3 g4 0-1